Piłka nożna - powiązania - TOP3 #7 - Statystyki

Ogólne statystyki
  • Ten quiz został rozwiązany 64 razy
  • Średni wynik to 4 z 27
Statystyki odpowiedzi
Hint Odpowiedź % Poprawnych
PL/CZE1 Cech
59%
PL/BRA3 Ederson
47%
PL/CZE3 Soucek
46%
PL/BRA2 Fernandinho
39%
PL/USA2 Howard
32%
PL/BRA1 Willian
20%
EK/CZE2 Pospisil
17%
PL/USA3 Dempsey
15%
PL/USA1 Friedel
14%
EK/CZE3 Schwarz
14%
EK/USA2 Trejo
14%
BL/USA3 Brooks
12%
BL/BRA1 Naldo
12%
BL/BRA3 Rafinha
12%
BL/BRA2 Ze Roberto
12%
EK/BRA1 Hernani
10%
EK/CZE1 Papadopulos
8%
BL/CZE2 Gebre Selassie
7%
EK/BRA2 Hermes
7%
PL/CZE2 Berger
5%
EK/BRA3 Deleu
5%
EK/USA3 Johannsson
5%
EK/USA1 Saief
5%
BL/USA2 Chandler
2%
BL/CZE3 Nemec
2%
BL/USA1 Cherundolo
0%
BL/CZE1 Jarolim
0%
Nie znaleziono quizów pasujących do podanych kryteriów
Rozkład punktacji
Procent ludzi z każdym wynikiem
Percentyl według liczby udzielonych odpowiedzi
Twoja historia wyników
Nie rozwiązałeś tego quizu